[Event "PRO League Central 2017"]
[Site "chess.com INT"]
[Date "2017.01.11"]
[Round "1"]
[White "Pruijssers, Roeland"]
[Black "Daulyte, Deimante"]
[Result "0-1"]
[WhiteTitle "GM"]
[BlackTitle "IM"]
[WhiteElo "2502"]
[BlackElo "2447"]
[WhiteTeam "Apeldoorn Apes"]
[BlackTeam "Cannes Blockbusters"]
[WhiteFideId "1013068"]
[BlackFideId "12802859"]
[EventDate "2017.01.11"]

1. e4 d6 2. d4 Nf6 3. Nc3 e5 4. Nge2 Be7 5. g3 c6 6. Bg2 b5 7. a3 Nbd7 8. O-O
O-O 9. d5 cxd5 10. Nxd5 Nxd5 11. Qxd5 Rb8 12. Be3 Bb7 13. Qd2 Nc5 14. Nc3 a6 15.
Nd5 Re8 16. Rad1 Bf8 17. Qe2 Qc8 18. h4 Ne6 19. h5 Bxd5 20. Rxd5 Qc4 21. Qd2
Rec8 22. Rc1 h6 23. f4 exf4 24. gxf4 Be7 25. Bf3 b4 26. axb4 Qxb4 27. Qxb4 Rxb4
28. b3 Nc5 29. Bd2 Rb6 30. b4 Ne6 31. c4 Rbc6 32. Be2 Bf6 33. Be3 Rb8 34. b5
axb5 35. cxb5 Rxc1+ 36. Bxc1 Bd4+ 37. Kf1 Bc5 38. Bc4 Ra8 39. Bd2 Ra4 40. Bd3
Ra2 41. Ke1 Ra1+ 42. Ke2 Nd4+ 43. Ke3 Nb3+ 0-1

[Event "PRO League Central 2017"]
[Site "chess.com INT"]
[Date "2017.01.11"]
[Round "1"]
[White "Pruijssers, Roeland"]
[Black "Kazhgaleyev, Murtas"]
[Result "1/2-1/2"]
[WhiteTitle "GM"]
[BlackTitle "GM"]
[WhiteElo "2502"]
[BlackElo "2594"]
[WhiteTeam "Apeldoorn Apes"]
[BlackTeam "Cannes Blockbusters"]
[WhiteFideId "1013068"]
[BlackFideId "13700316"]
[EventDate "2017.01.11"]

1. e4 e5 2. Nf3 Nc6 3. Bc4 Bc5 4. d3 Nf6 5. c3 d6 6. Bb3 h6 7. Nbd2 O-O 8. Nf1
Ne7 9. Ng3 Bb6 10. O-O c6 11. h3 Ng6 12. d4 Re8 13. Re1 Bc7 14. Bc2 Nh7 15. Be3
Ng5 16. dxe5 Nxe5 17. Nxe5 dxe5 18. Qxd8 Rxd8 19. Rad1 Be6 20. Nf5 Nh7 21. Bc5
b6 22. Be7 Rxd1 23. Rxd1 Re8 24. Bd6 Bxd6 25. Rxd6 c5 26. Ba4 Rb8 27. Ne7+ Kf8
28. Nc6 Rc8 29. Nxe5 Nf6 30. Ng6+ fxg6 31. Rxe6 Rd8 32. e5 Ne4 33. f4 Rd2 34.
Bc6 Ng3 35. Re8+ Kf7 36. Ra8 Ke6 37. Rxa7 Rxb2 38. Bd7+ Kd5 39. Bg4 g5 40. Rd7+
Ke4 41. fxg5 h5 42. Bf3+ Kxe5 43. h4 Nf5 44. Bxh5 Nxh4 45. Rxg7 Rxg2+ 46. Kf1
Rxa2 47. Rb7 Kf5 48. g6 1/2-1/2

[Event "PRO League Central 2017"]
[Site "chess.com INT"]
[Date "2017.01.11"]
[Round "1"]
[White "Ansell, Simon T"]
[Black "Degraeve, Remy"]
[Result "0-1"]
[WhiteTitle "IM"]
[WhiteElo "2349"]
[BlackElo "2019"]
[WhiteTeam "London Towers"]
[BlackTeam "Marseille Migraines"]
[WhiteFideId "402141"]
[BlackFideId "26024560"]
[EventDate "2017.01.11"]

1. d4 Nf6 2. Bf4 e6 3. e3 b6 4. Nf3 Bb7 5. Nbd2 c5 6. c3 cxd4 7. exd4 Be7 8. Bd3
O-O 9. O-O Nh5 10. Be3 Bd6 11. Nc4 Bc7 12. Nfe5 Qh4 13. h3 Nf4 14. Bxf4 Qxf4 15.
Qg4 Qxg4 16. hxg4 f6 17. Nf3 Nc6 18. Ne3 Ne7 19. Rfe1 Nd5 20. Nxd5 Bxd5 21. Nd2
Rae8 22. Bb5 Re7 23. Re2 f5 24. gxf5 Rxf5 25. f3 Bxf3 26. Nxf3 Rxb5 27. c4 Rf5
28. Rd1 g5 29. Re4 Ref7 30. b4 h5 31. d5 exd5 32. Rxd5 Rxd5 33. cxd5 g4 34. Nd4
Kf8 35. Nb5 Bg3 36. Nxa7 Rf4 37. Rxf4+ Bxf4 38. Nc8 b5 39. Kf1 Bd2 40. Nd6 Bxb4
41. Nxb5 Ke7 42. Kf2 Kf6 43. Kg3 Kg5 44. a4 Be1+ 45. Kh2 Kf4 46. Na3 Ke4 47. Nc2
Bf2 48. Nb4 Kd4 49. g3 Kc4 50. Nc2 Kxd5 51. Kg2 Bc5 52. Kf1 Ke4 53. Ke2 d5 54.
Ne1 Bd6 55. Kf2 d4 56. a5 d3 57. a6 Bc5+ 58. Kf1 d2 0-1

[Event "PRO League Central 2017"]
[Site "chess.com INT"]
[Date "2017.01.11"]
[Round "1"]
[White "Sorungbe, Ademola"]
[Black "Tan, Justin2"]
[Result "0-1"]
[WhiteTitle "CM"]
[BlackTitle "IM"]
[WhiteElo "2234"]
[BlackElo "2451"]
[WhiteTeam "Abuja Rockstars"]
[BlackTeam "London Lions"]
[WhiteFideId "8500223"]
[BlackFideId "3206882"]
[EventDate "2017.01.11"]

1. d4 Nf6 2. Nf3 d5 3. c4 e6 4. Nc3 c6 5. cxd5 exd5 6. Bf4 Be7 7. e3 Bf5 8. Bd3
Bxd3 9. Qxd3 O-O 10. h3 Nbd7 11. O-O a5 12. a3 a4 13. Qc2 Qa5 14. Ne5 Nxe5 15.
Bxe5 Nd7 16. Bg3 Rfe8 17. Rac1 Bf6 18. Qf5 Rad8 19. Qc2 Ra8 20. Qf5 Re6 21. Rc2
g6 22. Qd3 Rae8 23. Na2 Qa7 24. Rfc1 Nb6 25. Nb4 Nc4 26. Bf4 Re4 27. Qd1 Bxd4
28. Rxc4 dxc4 29. Rxc4 Bf6 30. Rxe4 Rxe4 31. Qd6 Re6 32. Qd7 Qa8 33. Nd3 Qd8 34.
Qxd8+ Bxd8 35. Nc5 Re8 36. Nxb7 Bf6 37. Nd6 Rd8 38. Nc4 Rd1+ 39. Kh2 Rc1 40. Nb6
Bxb2 41. Nxa4 Bxa3 42. Be5 c5 43. Kg3 c4 44. Bc3 Rc2 45. f4 f5 46. Kf3 h5 47. g3
Bf8 48. e4 fxe4+ 49. Kxe4 Bg7 50. Bxg7 Kxg7 51. h4 Rg2 52. Kf3 Ra2 53. Nb6 c3
54. Ke3 Rg2 0-1

[Event "PRO League Central 2017"]
[Site "chess.com INT"]
[Date "2017.01.11"]
[Round "1"]
[White "Sorungbe, Ademola"]
[Black "Zhou, Yang-Fan"]
[Result "0-1"]
[WhiteTitle "CM"]
[BlackTitle "IM"]
[WhiteElo "2234"]
[BlackElo "2462"]
[WhiteTeam "Abuja Rockstars"]
[BlackTeam "London Lions"]
[WhiteFideId "8500223"]
[BlackFideId "468584"]
[EventDate "2017.01.11"]

1. e4 c5 2. Nf3 d6 3. d4 cxd4 4. Nxd4 Nf6 5. Nc3 g6 6. Bc4 Bg7 7. Bb3 O-O 8. f3
Nc6 9. Be3 Na5 10. Qd2 Bd7 11. O-O Rc8 12. Bh6 Nc4 13. Bxc4 Rxc4 14. Bxg7 Kxg7
15. Kh1 Rc5 16. Rfe1 b5 17. Nb3 Rc8 18. Nd5 Nxd5 19. exd5 Re8 20. Re2 Rc4 21.
Rae1 a6 22. Na5 Ra4 23. b4 Rxa2 24. Qc3+ Kg8 25. Qb3 Ra4 26. Re4 Bf5 27. Nc6 Qc7
28. R4e2 e5 29. dxe6 Rxe6 30. Qc3 Rxe2 31. Rxe2 Qxc6 32. Qxc6 Ra1+ 0-1

[Event "PRO League Central 2017"]
[Site "chess.com INT"]
[Date "2017.01.11"]
[Round "1"]
[White "Jessel, Stephen"]
[Black "Ladokun, Kolawole Akinyemi"]
[Result "1-0"]
[WhiteTitle "FM"]
[WhiteElo "2382"]
[BlackElo "1934"]
[WhiteTeam "Dublin Desperados"]
[BlackTeam "Lagos Leatherbacks"]
[WhiteFideId "628859"]
[BlackFideId "8501467"]
[EventDate "2017.01.11"]

1. Nf3 Nf6 2. c4 g6 3. b4 Bg7 4. Bb2 O-O 5. g3 d6 6. Bg2 Nbd7 7. O-O c6 8. d3 e5
9. Nbd2 Qe7 10. Qc2 d5 11. cxd5 cxd5 12. e3 Re8 13. a3 Qd6 14. Rfc1 a5 15. b5 a4
16. Qc7 Qe7 17. Rc2 e4 18. Ne1 exd3 19. Nxd3 Ne4 20. Bxg7 Kxg7 21. Nf4 Nxf2 22.
Nxd5 1-0

[Event "PRO League Central 2017"]
[Site "chess.com INT"]
[Date "2017.01.11"]
[Round "1"]
[White "Jessel, Stephen"]
[Black "Oragwu, Chukwunonso"]
[Result "1-0"]
[WhiteTitle "FM"]
[BlackTitle "CM"]
[WhiteElo "2382"]
[BlackElo "2155"]
[WhiteTeam "Dublin Desperados"]
[BlackTeam "Lagos Leatherbacks"]
[WhiteFideId "628859"]
[BlackFideId "8501254"]
[EventDate "2017.01.11"]

1. Nf3 Nf6 2. c4 g6 3. b4 Bg7 4. Bb2 O-O 5. g3 a5 6. b5 d6 7. Bg2 e5 8. O-O Nbd7
9. d3 Nc5 10. Nc3 Bd7 11. Nd2 Qc8 12. Ba3 Bh3 13. Bxc5 dxc5 14. Nde4 Bxg2 15.
Nxf6+ Bxf6 16. Kxg2 c6 17. Rb1 Be7 18. Qa4 h5 19. bxc6 bxc6 20. Rb6 Ra6 21. Rxa6
Qxa6 22. Rb1 h4 23. Qb3 Qc8 24. Qb7 Qe6 25. Qc7 Kg7 26. Rb7 Bd8 27. Qd7 Re8 28.
Qxe6 Rxe6 29. Na4 Be7 30. f3 hxg3 31. hxg3 Kh6 32. Kf2 f5 33. e4 f4 34. Ra7 Bd8
35. Rd7 Be7 36. Kg2 fxg3 37. Kxg3 Kh5 38. Ra7 Bh4+ 39. Kg2 g5 40. Nxc5 Rf6 41.
Re7 Rxf3 42. Kxf3 g4+ 43. Kg2 Bxe7 44. Nd7 Bd6 45. Kg3 Kg5 46. a4 Kh5 47. Nf6+
Kg5 48. Nxg4 Bb4 49. Kf3 Bd6 50. c5 Bc7 51. Kg3 Bb8 52. Kf3 Bc7 53. Ne3 Kf6 54.
Kg4 Bb8 55. Nc4 Bc7 56. Kh5 Bd8 57. Nd6 Be7 58. Nb7 Ke6 59. Kg6 Kd7 60. Nxa5
Bxc5 61. Kf5 Bd4 62. Nc4 Kc7 63. Nxe5 Kd6 64. Nc4+ Kc5 65. Ke6 Kb4 66. a5 Kb5
67. Kd6 Bg7 68. e5 Bf8+ 69. Kd7 Bb4 70. e6 Bf8 71. e7 Bxe7 72. Kxe7 Kc5 73. a6
Kb5 74. a7 Ka6 75. a8=Q+ 1-0

[Event "PRO League Central 2017"]
[Site "chess.com INT"]
[Date "2017.01.11"]
[Round "1"]
[White "Balogun, Oluwafemi"]
[Black "Astaneh Lopez, Alex"]
[Result "0-1"]
[WhiteTitle "FM"]
[BlackTitle "IM"]
[WhiteElo "2222"]
[BlackElo "2417"]
[WhiteTeam "Lagos Leatherbacks"]
[BlackTeam "Dublin Desperados"]
[WhiteFideId "8501246"]
[BlackFideId "2501430"]
[EventDate "2017.01.11"]

1. Nf3 Nf6 2. g3 g6 3. Bg2 Bg7 4. d3 d5 5. O-O O-O 6. c3 b6 7. Nbd2 Bb7 8. Re1
Nbd7 9. e4 dxe4 10. dxe4 Nc5 11. e5 Ng4 12. h3 Nh6 13. Nc4 Nd3 14. Re3 Nxc1 15.
Rxc1 Qc8 16. Re1 Rd8 17. Qe2 f6 18. exf6 exf6 19. Rcd1 Nf7 20. h4 Rxd1 21. Rxd1
Qg4 22. Ne3 Re8 23. Nxg4 Rxe2 24. Rd7 Bc8 25. Nxf6+ Bxf6 26. Rxc7 Be6 27. Rxa7
Rxb2 28. Nd4 Bxa2 29. h5 Bxd4 30. cxd4 gxh5 31. Bf3 Ng5 32. Bg2 Bf7 33. f4 Ne6
34. d5 Nc5 35. Ra8+ Kg7 36. Rb8 Nd7 37. Rd8 Nf6 38. d6 Rd2 39. Bc6 Bd5 40. Bb5
Ng4 41. Kf1 Bf3 42. Kg1 Rd1+ 43. Bf1 Be2 0-1

[Event "PRO League Central 2017"]
[Site "chess.com INT"]
[Date "2017.01.11"]
[Round "1"]
[White "Balogun, Oluwafemi"]
[Black "Jessel, Stephen"]
[Result "1-0"]
[WhiteTitle "FM"]
[BlackTitle "FM"]
[WhiteElo "2222"]
[BlackElo "2382"]
[WhiteTeam "Lagos Leatherbacks"]
[BlackTeam "Dublin Desperados"]
[WhiteFideId "8501246"]
[BlackFideId "628859"]
[EventDate "2017.01.11"]

1. Nf3 d5 2. g3 Nc6 3. Bg2 e5 4. d3 f6 5. O-O Be6 6. c3 Qd7 7. b4 h5 8. h4 Bh3
9. e4 Bxg2 10. Kxg2 O-O-O 11. Qa4 Kb8 12. b5 Nce7 13. Be3 Nc8 14. Nbd2 Nh6 15.
Bxh6 Rxh6 16. c4 dxe4 17. dxe4 g5 18. Rfd1 g4 19. Nh2 Rh7 20. Ndf1 Qe8 21. Rxd8
Qxd8 22. Rd1 Rd7 23. Rxd7 Qxd7 24. Qc2 Bc5 25. Qd2 Qh7 26. Qd5 b6 27. Nd2 Nd6
28. Nhf1 Bd4 29. a4 f5 30. Nb3 fxe4 31. Nxd4 exd4 32. Qxd4 Qf7 33. Ne3 Qf3+ 34.
Kg1 Qe2 35. Qh8+ Kb7 36. Qxh5 a5 37. Qd5+ Kb8 38. h5 Qe1+ 39. Kg2 Qa1 40. Qg8+
Ka7 41. h6 Qf6 42. h7 Nf5 43. Nxg4 Nh4+ 44. Kh3 Qf3 45. Kxh4 1-0

[Event "PRO League Central 2017"]
[Site "chess.com INT"]
[Date "2017.01.11"]
[Round "1"]
[White "Dek, Lennart"]
[Black "Meier, Georg"]
[Result "0-1"]
[BlackTitle "GM"]
[WhiteElo "2288"]
[BlackElo "2630"]
[WhiteTeam "Amsterdam Mosquitos"]
[BlackTeam "Stockholm Snowballs"]
[WhiteFideId "1013114"]
[BlackFideId "4675789"]
[EventDate "2017.01.11"]

1. e4 e6 2. d4 d5 3. Nc3 dxe4 4. Nxe4 Nd7 5. Nf3 Ngf6 6. Bd3 c5 7. O-O Nxe4 8.
Bxe4 Nf6 9. Bg5 cxd4 10. Nxd4 Be7 11. Bd3 O-O 12. c3 Qd5 13. Nf3 Rd8 14. Bc2 h6
15. Bh4 Qh5 16. Qe2 Bd7 17. Qe5 Qxe5 18. Nxe5 Bb5 19. c4 Rd2 20. Rac1 Be8 21.
Rfd1 Rad8 22. Nf3 Rxc2 23. Rxc2 Rxd1+ 24. Ne1 Rxe1# 0-1

[Event "PRO League Central 2017"]
[Site "chess.com INT"]
[Date "2017.01.11"]
[Round "1"]
[White "Souleidis, Georgios"]
[Black "Johannesson, Ingvar Thor"]
[Result "0-1"]
[WhiteTitle "IM"]
[BlackTitle "FM"]
[WhiteElo "2401"]
[BlackElo "2377"]
[WhiteTeam "Hamburg Swashbucklers"]
[BlackTeam "Reykjavik Puffins"]
[WhiteFideId "4206827"]
[BlackFideId "2301490"]
[EventDate "2017.01.11"]

1. e4 e6 2. d4 d5 3. Bd3 Nf6 4. e5 Nfd7 5. f4 c5 6. c3 Nc6 7. Nf3 Qb6 8. Bc2 f5
9. O-O Be7 10. a3 O-O 11. Kh1 cxd4 12. cxd4 Qd8 13. Nc3 Nb6 14. b3 Bd7 15. Be3
Rc8 16. Qd3 Na5 17. Bd2 a6 18. Ne2 Bb5 19. Qe3 Rxc2 20. Bxa5 Rxe2 21. Qc3 Qc8
22. Rfc1 Qxc3 23. Rxc3 Nd7 24. Rc7 Bc6 25. Rc1 Bd8 0-1

[Event "PRO League Central 2017"]
[Site "chess.com INT"]
[Date "2017.01.11"]
[Round "1"]
[White "Moran, Stephen"]
[Black "Lapite, Oluwadurotimi"]
[Result "1-0"]
[WhiteElo "2158"]
[BlackElo "2067"]
[WhiteTeam "Dublin Desperados"]
[BlackTeam "Lagos Leatherbacks"]
[WhiteFideId "2501872"]
[BlackFideId "8503648"]
[EventDate "2017.01.11"]

1. d4 Nf6 2. c4 c5 3. d5 b5 4. cxb5 a6 5. f3 g6 6. e4 d6 7. a4 Bg7 8. Na3 O-O 9.
Ne2 e6 10. Nc3 Bb7 11. Bc4 exd5 12. Nxd5 Nxe4 13. fxe4 Qh4+ 14. Kd2 Qxe4 15. Re1
Qxg2+ 16. Re2 Qh3 17. Kc2 axb5 18. axb5 Nd7 19. Ne7+ Kh8 20. Bd5 Bxd5 21. Qxd5
Ne5 22. Kb1 Rfe8 23. Nc6 Qf5+ 24. Ka2 c4 25. Nxe5 Bxe5 26. Qxc4 Rec8 27. Qb3 Rc5
28. b6 h5 29. b7 Rb8 30. Be3 Rc7 31. Rd1 Rbxb7 32. Qd3 Qe6+ 33. Ka1 Ra7 34. Bd4
Rxa3+ 35. bxa3 Rc4 36. Bxe5+ dxe5 37. Rb2 Rd4 38. Qb1 Qd7 39. Rxd4 1-0

[Event "PRO League Central 2017"]
[Site "chess.com INT"]
[Date "2017.01.11"]
[Round "1"]
[White "Moran, Stephen"]
[Black "Balogun, Oluwafemi"]
[Result "0-1"]
[BlackTitle "FM"]
[WhiteElo "2158"]
[BlackElo "2222"]
[WhiteTeam "Dublin Desperados"]
[BlackTeam "Lagos Leatherbacks"]
[WhiteFideId "2501872"]
[BlackFideId "8501246"]
[EventDate "2017.01.11"]

1. d4 Nf6 2. c4 g6 3. f3 Bg7 4. e4 d6 5. Nc3 O-O 6. Be3 c5 7. Nge2 Qa5 8. Nc1
Nc6 9. Nb3 Qc7 10. dxc5 dxc5 11. Nxc5 b6 12. Nd3 Rd8 13. Qc1 Ba6 14. Nd5 Qd7 15.
Be2 e6 16. Nxf6+ Bxf6 17. Nf2 Rac8 18. Ng4 Bg7 19. Bg5 Re8 20. Nf6+ Bxf6 21.
Bxf6 Qd6 22. Qh6 Qf8 23. Qxf8+ Kxf8 24. Bc3 e5 25. Rd1 Rcd8 26. Rd5 f6 27. Kf2
Bb7 28. Rhd1 Ke7 29. Rxd8 Rxd8 30. Rxd8 Kxd8 31. Ke3 Ke7 32. Bd1 Kd6 33. b4 Nb8
34. Ba4 Bc8 35. Kd3 Be6 36. Bd2 Nc6 37. a3 Nb8 38. Be3 Nd7 39. Bb3 Ke7 40. Kc3
Nb8 41. a4 Bd7 42. a5 bxa5 43. bxa5 a6 44. Bc5+ Ke6 45. Bb6 Nc6 46. c5+ Ke7 47.
Bd5 Nb8 48. Bb7 Bb5 49. Kb4 Nc6+ 50. Kc3 Kd7 51. Ba8 Nd4 52. Bd5 Bf1 53. Bg8 h6
54. Bc4 Bxc4 55. Kxc4 Kc6 56. Kd3 h5 57. f4 Ne6 58. fxe5 fxe5 59. g3 g5 60. Kc4
g4 0-1

[Event "PRO League Central 2017"]
[Site "chess.com INT"]
[Date "2017.01.11"]
[Round "1"]
[White "Rendle, Thomas E"]
[Black "Bacrot, Etienne"]
[Result "0-1"]
[WhiteTitle "IM"]
[BlackTitle "GM"]
[WhiteElo "2356"]
[BlackElo "2695"]
[WhiteTeam "London Towers"]
[BlackTeam "Marseille Migraines"]
[WhiteFideId "408760"]
[BlackFideId "605506"]
[EventDate "2017.01.11"]

1. e4 e5 2. Nf3 Nc6 3. Bc4 Bc5 4. c3 Nf6 5. d3 d6 6. Nbd2 a6 7. Bb3 O-O 8. h3
Be6 9. Bc2 d5 10. Qe2 Re8 11. O-O h6 12. Re1 b5 13. Nh4 dxe4 14. dxe4 Ng4 15.
hxg4 Qxh4 16. Nf3 Qxg4 17. Be3 Bc4 18. Bd3 Bxd3 19. Qxd3 Rad8 20. Qe2 Bd6 21. a4
Rb8 22. axb5 axb5 23. Nd2 Qxe2 24. Rxe2 Ra8 25. Ree1 Kf8 26. Kf1 Ke7 27. Ke2 Ke6
28. Nb3 h5 29. f3 g6 30. Red1 Rg8 31. Rh1 Rgb8 32. Rhd1 Ra4 33. Kd3 Rba8 34. Kc2
Rxa1 35. Nxa1 Na5 36. b3 f5 37. Kb2 f4 38. Bf2 g5 39. Rh1 Rh8 40. Nc2 Nb7 41.
Nb4 Bxb4 42. cxb4 h4 43. Kc2 Nd6 44. Kc3 Ne8 45. Kc2 Ng7 46. Kb2 Kf6 47. Kb1 Ne6
48. Kb2 Kg6 49. Kc3 Ra8 50. Kb2 Rd8 51. Kc3 Rh8 52. Kc2 g4 53. Rxh4 Rxh4 54.
Bxh4 gxf3 55. gxf3 Nd4+ 56. Kd3 Nxf3 57. Bf2 Kg5 58. Ba7 Kg4 59. Bf2 Ng5 60. Ba7
Kf3 61. Bb8 Ne6 62. Ba7 Kg2 63. Kd2 f3 0-1

[Event "PRO League Central 2017"]
[Site "chess.com INT"]
[Date "2017.01.11"]
[Round "1"]
[White "Rendle, Thomas E"]
[Black "Degraeve, Jean-Marc"]
[Result "1/2-1/2"]
[WhiteTitle "IM"]
[BlackTitle "GM"]
[WhiteElo "2356"]
[BlackElo "2591"]
[WhiteTeam "London Towers"]
[BlackTeam "Marseille Migraines"]
[WhiteFideId "408760"]
[BlackFideId "600270"]
[EventDate "2017.01.11"]

1. e4 Nf6 2. e5 Nd5 3. d4 d6 4. Nf3 dxe5 5. Nxe5 c6 6. Be2 Bf5 7. O-O Nd7 8. Bg4
Bxg4 9. Qxg4 Nxe5 10. dxe5 Qc8 11. Qe4 g6 12. Bg5 Bg7 13. Nd2 h6 14. Bh4 Qf5 15.
Qxf5 gxf5 16. Rfe1 O-O-O 17. Nf3 Rd7 18. c3 Nf4 19. Bg3 Ne6 20. Kf1 Ng5 21. Nd4
e6 22. f3 Nh7 23. Rad1 Nf8 24. Nb3 Rxd1 25. Rxd1 Ng6 26. f4 h5 27. Rd4 h4 28.
Bf2 Bh6 29. g3 hxg3 30. hxg3 Bf8 31. Kg2 Be7 32. Rd1 b6 33. a4 c5 34. a5 Rd8 35.
Rxd8+ Kxd8 36. axb6 axb6 37. c4 Kc7 38. Nc1 Kc6 39. Nd3 b5 40. b3 bxc4 41. bxc4
Nf8 42. Kf3 Nd7 43. g4 Nb6 44. gxf5 exf5 45. Nb2 Kd7 46. Ke2 Ke6 47. Kd3 1/2-1/2

[Event "PRO League Central 2017"]
[Site "chess.com INT"]
[Date "2017.01.11"]
[Round "1"]
[White "Jones, Gawain C B"]
[Black "Bacrot, Etienne"]
[Result "1-0"]
[WhiteTitle "GM"]
[BlackTitle "GM"]
[WhiteElo "2665"]
[BlackElo "2695"]
[WhiteTeam "London Towers"]
[BlackTeam "Marseille Migraines"]
[WhiteFideId "409561"]
[BlackFideId "605506"]
[EventDate "2017.01.11"]

1. c4 Nf6 2. Nf3 e6 3. g3 d5 4. Bg2 d4 5. O-O c5 6. e3 Nc6 7. exd4 cxd4 8. d3
Be7 9. Re1 O-O 10. b3 Nd7 11. Ba3 e5 12. b4 Bxb4 13. Bxb4 Nxb4 14. Nxe5 Nxe5 15.
Rxe5 Qd6 16. Rb5 Re8 17. Nd2 Nc6 18. Rab1 Qg6 19. Be4 Qh6 20. Rh5 Qf6 21. Bxh7+
Kf8 22. Ne4 Qd8 23. Rd5 Qc7 24. Nd6 Rd8 25. Nxc8 Raxc8 26. Bf5 Rb8 27. Qh5 f6
28. Re1 Rxd5 29. cxd5 Ne5 30. Be6 Ke7 31. Bh3 Kd6 32. f4 1-0

[Event "PRO League Central 2017"]
[Site "chess.com INT"]
[Date "2017.01.11"]
[Round "1"]
[White "Jones, Gawain C B"]
[Black "Degraeve, Jean-Marc"]
[Result "1-0"]
[WhiteTitle "GM"]
[BlackTitle "GM"]
[WhiteElo "2665"]
[BlackElo "2591"]
[WhiteTeam "London Towers"]
[BlackTeam "Marseille Migraines"]
[WhiteFideId "409561"]
[BlackFideId "600270"]
[EventDate "2017.01.11"]

1. e4 e5 2. Nf3 Nc6 3. d4 exd4 4. Nxd4 Bb4+ 5. c3 Bc5 6. Be3 Bb6 7. Nf5 g6 8.
Bxb6 axb6 9. Ne3 Nf6 10. f3 Qe7 11. c4 Qb4+ 12. Qd2 Qxd2+ 13. Kxd2 d6 14. Nc3
Kd8 15. g4 h6 16. h4 Be6 17. Be2 Nd4 18. b3 Nxe2 19. Nxe2 c6 20. Kc3 Ke7 21. a4
Nd7 22. g5 hxg5 23. hxg5 Nc5 24. Nd4 Bd7 25. b4 Rxh1 26. Rxh1 Nxa4+ 27. Kb3 b5
28. cxb5 Nb6 29. bxc6 bxc6 30. Rc1 Rc8 31. Kc3 c5 32. bxc5 Rxc5+ 33. Kd2 Rxg5
34. Rb1 Nc8 35. Nd5+ Kd8 36. Ke3 Be6 37. Nf4 Bd7 38. Rh1 Nb6 39. Rh7 Be8 40.
Nde6+ fxe6 41. Nxe6+ Kc8 42. Nxg5 1-0

[Event "PRO League Central 2017"]
[Site "chess.com INT"]
[Date "2017.01.11"]
[Round "1"]
[White "Warmerdam, Max"]
[Black "Daulyte, Deimante"]
[Result "1-0"]
[WhiteTitle "FM"]
[BlackTitle "IM"]
[WhiteElo "2350"]
[BlackElo "2447"]
[WhiteTeam "Apeldoorn Apes"]
[BlackTeam "Cannes Blockbusters"]
[WhiteFideId "1048104"]
[BlackFideId "12802859"]
[EventDate "2017.01.11"]

1. e4 c5 2. Nf3 Nc6 3. d4 cxd4 4. Nxd4 e5 5. Nb5 d6 6. N1c3 a6 7. Na3 Be7 8. Nd5
Nf6 9. Nxf6+ Bxf6 10. Nc4 O-O 11. c3 Be7 12. Be2 Be6 13. Ne3 Rc8 14. O-O Bg5 15.
Qd3 Rc7 16. b3 Rd7 17. Ba3 g6 18. Rfd1 f5 19. exf5 gxf5 20. Nd5 Kh8 21. Bb2 Ne7
22. Nxe7 Qxe7 23. c4 Bf6 24. Qe3 Rg8 25. Rd2 Qg7 26. Bf1 Bg5 27. f4 Bf6 28. Rad1
Rgd8 29. Qb6 exf4 30. Bxf6 Qxf6 31. Rxd6 Rxd6 32. Rxd6 Rxd6 33. Qxd6 f3 34. gxf3
Qg5+ 35. Kh1 Bf7 36. Qf8+ Bg8 37. f4 Qg6 38. Bg2 Qe6 39. h3 h6 40. Qb8 b6 41.
Kh2 a5 42. Qe5+ Kh7 43. Bd5 Qd7 44. Kg3 Bxd5 45. cxd5 Kg6 46. d6 Qc6 47. Qe6+
Kg7 48. Qe7+ Kg6 49. d7 Qc3+ 50. Kh4 Qf3 51. Qe6+ Kg7 52. Qxf5 Qf2+ 53. Kh5 Qd2
54. Qe5+ Kh7 55. Qf5+ Kg7 56. Qg6+ 1-0

[Event "PRO League Central 2017"]
[Site "chess.com INT"]
[Date "2017.01.11"]
[Round "1"]
[White "Warmerdam, Max"]
[Black "Kazhgaleyev, Murtas"]
[Result "0-1"]
[WhiteTitle "FM"]
[BlackTitle "GM"]
[WhiteElo "2350"]
[BlackElo "2594"]
[WhiteTeam "Apeldoorn Apes"]
[BlackTeam "Cannes Blockbusters"]
[WhiteFideId "1048104"]
[BlackFideId "13700316"]
[EventDate "2017.01.11"]

1. e4 e5 2. Nf3 d6 3. d4 exd4 4. Nxd4 Nf6 5. Nc3 Be7 6. Bf4 O-O 7. Qd2 Nc6 8.
O-O-O Nxd4 9. Qxd4 Be6 10. f3 Nd7 11. Qd2 Ne5 12. Qe3 Ng6 13. Bg3 Qd7 14. h4 Bf6
15. f4 Bg4 16. Rd2 Rfe8 17. h5 Ne7 18. e5 Qe6 19. Qe4 dxe5 20. Bc4 Qf5 21. Rf1
Qxh5 22. fxe5 Nc6 23. Rxf6 gxf6 24. Nd5 Qh1+ 25. Qe1 Qxe1+ 26. Bxe1 Rxe5 27. Bg3
Kg7 28. Bxe5 Nxe5 29. Be2 c6 30. Ne3 Be6 31. b3 f5 32. Rd4 Kf6 33. Rh4 Kg7 34.
Kd2 Rd8+ 35. Ke1 Ng6 36. Ra4 f4 37. Nf1 a6 38. Kf2 Bf5 39. Rc4 Kf6 40. a4 Kg5
41. Nh2 Ne5 42. Rc5 Rd5 43. Rc3 Rd2 44. Rc5 Rd5 45. Rc3 Kf6 46. Ke1 Be4 47. Bf1
h5 48. Be2 Bxg2 49. Bxh5 Kg5 50. Be2 f5 51. Kf2 Be4 52. Ke1 Rd8 53. Rc5 Kf6 54.
Rc3 Rh8 55. Nf1 f3 56. Bd1 Rh1 57. a5 Ng4 58. Bxf3 Rxf1+ 59. Kxf1 Bxf3 60. Rd3
Be4 61. Rd7 c5 62. c3 f4 63. Rd8 f3 64. Rd2 Ke5 65. b4 c4 66. b5 Bd3+ 67. Ke1
axb5 68. a6 bxa6 69. Kd1 f2 0-1

[Event "PRO League Central 2017"]
[Site "chess.com INT"]
[Date "2017.01.11"]
[Round "1"]
[White "Zhou, Yang-Fan"]
[Black "Adu, Oladapo"]
[Result "0-1"]
[WhiteTitle "IM"]
[BlackTitle "IM"]
[WhiteElo "2462"]
[BlackElo "2288"]
[WhiteTeam "London Lions"]
[BlackTeam "Abuja RockStars"]
[WhiteFideId "468584"]
[BlackFideId "8500258"]
[EventDate "2017.01.11"]

1. e4 c5 2. Nf3 d6 3. d4 cxd4 4. Qxd4 a6 5. c4 Nc6 6. Qe3 g6 7. Nc3 Nf6 8. h3
Bg7 9. Be2 O-O 10. O-O Be6 11. Rb1 Rc8 12. b3 h6 13. Bb2 Qa5 14. Rfd1 Rfd8 15.
a4 Nd7 16. Nd5 Bxd5 17. exd5 Nce5 18. Nd4 Nf6 19. f4 Ned7 20. Qxe7 Re8 21. Qxd6
Bf8 22. b4 Qd8 23. Qxf8+ Nxf8 24. Bf1 Qd6 25. f5 g5 26. Nf3 b6 27. Rbc1 N8d7 28.
Ba3 a5 29. c5 bxc5 30. bxa5 Re3 31. Bb2 g4 32. Nd2 Qg3 33. h4 Qxh4 34. Bd4 g3 0-1